<?xml version="1.0" encoding="UTF-8"?>
<record
    xmlns:xsi="http://www.w3.org/2001/XMLSchema-instance"
    xsi:schemaLocation="http://www.loc.gov/MARC21/slim http://www.loc.gov/standards/marcxml/schema/MARC21slim.xsd"
    xmlns="http://www.loc.gov/MARC21/slim">

  <leader>00754nam a22001697a 4500</leader>
  <controlfield tag="003">OSt</controlfield>
  <controlfield tag="005">20250811103309.0</controlfield>
  <controlfield tag="008">250811b        |||||||| |||| 00| 0 eng d</controlfield>
  <datafield tag="040" ind1=" " ind2=" ">
    <subfield code="c">DCL</subfield>
  </datafield>
  <datafield tag="082" ind1=" " ind2=" ">
    <subfield code="a">&#x1042;&#x1049;&#x1044;.&#x1043;&#x1044;&#x1042;</subfield>
  </datafield>
  <datafield tag="100" ind1=" " ind2=" ">
    <subfield code="a">&#x1019;&#x1004;&#x103A;&#x1038;&#x1014;&#x1014;&#x103A;&#x104A;</subfield>
    <subfield code="c">(&#x1019;&#x1031;&#x102C;&#x103A;&#x1000;&#x103B;&#x103D;&#x1014;&#x103A;&#x1038;)&#x104B;</subfield>
  </datafield>
  <datafield tag="245" ind1="1" ind2="0">
    <subfield code="a">&#x1006;&#x101B;&#x102C;&#x1010;&#x1031;&#x102C;&#x103A;&#x1000;&#x103C;&#x102E;&#x1038;&#x1019;&#x103B;&#x102C;&#x1038;&#x104F; &#x101E;&#x103C;&#x101D;&#x102B;&#x1012;&#x1010;&#x1031;&#x102C;&#x103A;&#x1019;&#x103B;&#x102C;&#x1038;&#x1015;&#x1031;&#x102B;&#x1004;&#x103A;&#x1038;&#x1001;&#x103B;&#x102F;&#x1015;&#x103A;/</subfield>
    <subfield code="c">&#x1019;&#x1004;&#x103A;&#x1038;&#x1014;&#x1014;&#x103A; (&#x1019;&#x1031;&#x102C;&#x103A;&#x1000;&#x103B;&#x103D;&#x1014;&#x103A;&#x1038;)&#x104B;</subfield>
  </datafield>
  <datafield tag="264" ind1=" " ind2=" ">
    <subfield code="a">&#x101B;&#x1014;&#x103A;&#x1000;&#x102F;&#x1014;&#x103A;&#x104A;</subfield>
    <subfield code="b">&#x101A;&#x102F;&#x1036;&#x1000;&#x103C;&#x100A;&#x103A;&#x1001;&#x103B;&#x1000;&#x103A;&#x1005;&#x102C;&#x1015;&#x1031;&#x104B;</subfield>
    <subfield code="c">&#x1042;&#x1040;&#x1040;&#x1049;&#x104B;</subfield>
  </datafield>
  <datafield tag="300" ind1=" " ind2=" ">
    <subfield code="a">&#x1046;&#x1044;&#x1046; &#x1005;&#x102C;&#x1019;&#x103B;&#x1000;&#x103A;&#x1014;&#x103E;&#x102C;&#x104B;</subfield>
  </datafield>
  <datafield tag="650" ind1=" " ind2=" ">
    <subfield code="a"> &#x1021;&#x1011;&#x103D;&#x1031;&#x1011;&#x103D;&#x1031;&#x1017;&#x101F;&#x102F;&#x101E;&#x102F;&#x1010;&#x104B;</subfield>
  </datafield>
  <datafield tag="942" ind1=" " ind2=" ">
    <subfield code="2">ddc</subfield>
    <subfield code="c">BOM</subfield>
    <subfield code="n">0</subfield>
  </datafield>
  <datafield tag="952" ind1=" " ind2=" ">
    <subfield code="0">0</subfield>
    <subfield code="1">0</subfield>
    <subfield code="2">ddc</subfield>
    <subfield code="4">0</subfield>
    <subfield code="7">0</subfield>
    <subfield code="8">M</subfield>
    <subfield code="a">DHAM</subfield>
    <subfield code="b">DHAM</subfield>
    <subfield code="d">2025-08-11</subfield>
    <subfield code="l">0</subfield>
    <subfield code="o">&#x1041;&#x1042;&#x1048;&#x1043;</subfield>
    <subfield code="r">2025-08-11 10:34:07</subfield>
    <subfield code="w">2025-08-11</subfield>
    <subfield code="y">BOM</subfield>
    <subfield code="A">&#x1019;&#x101B;-&#x1041;&#x1042;&#x1048;&#x1043;</subfield>
  </datafield>
  <datafield tag="999" ind1=" " ind2=" ">
    <subfield code="c">1839</subfield>
    <subfield code="d">1839</subfield>
  </datafield>
</record>
